000 01527cam a22003977a 4500
003 CHAP
005 20220329142037.0
008 990419d1998 mx r 00110 spa d
010 _a77522
011 _a78494
020 _a0821342088
035 _a88468
040 _cCHAP
082 0 4 _a631.47016
_bD8
100 0 0 _aDumanski, Julián.
_934450
245 1 0 _aIndicators of land quality and sustainable land management :
_ban annotated bibliography
_c/by Julian Dumanski, Samuel Gameda y Christian Pieri
260 _aWashington, D.C. :
_bThe World Bank,
_c1998.
300 _a123 p.
490 0 _aEnvironmentally and socially sustainable development series. Rural development
590 _aBATCH-UPD
_b10
_c20130110
_lUCH01
_h0430
590 _aBATCH-UPD
_b10
_c20130110
_lUCH01
_h2358
590 _aBATCH-UPD
_b10
_c20130410
_lUCH01
_h0105
590 _aBATCH-UPD
_b10
_c20130914
_lUCH01
_h1223
590 _aCONVERSION
_b10
_c20130109
_lUCH01
_h1343
650 1 4 _aEcología agrícola
_xBibliografía.
_935166
650 1 4 _aIndicadores biológicos
_xBibliografía.
_957562
650 1 4 _aTierras
_xUtilización
_xBibliografía.
_9113225
650 1 4 _aTierras
_xValoración
_xBibliografía.
_9113269
700 0 _aGameda, Samuel.
_944580
700 0 _aPieri, Christian J. M. G.
_988026
830 0 0 _aEnvironmentally and socially sustainable development series. Rural development
_937190
901 _aBK
905 _aAlejandra Carrasco M.
942 _cLIBRO
949 _a631.47016 D8
_bBC
_cC
_d33724000715868
_eC
_h94758
_i88468
_sb
999 _c77522
_d77522